| Record ID | ia:jaspersbultmannd00long_0 |
| Source | Internet Archive |
| Download MARC XML | https://archive.org/download/jaspersbultmannd00long_0/jaspersbultmannd00long_0_marc.xml |
| Download MARC binary | https://www.archive.org/download/jaspersbultmannd00long_0/jaspersbultmannd00long_0_meta.mrc |
LEADER: 01002cam 22003255 4500
001 ocm00256776
005 20190121222012.0
008 681112s1968 ncu b 000 0 eng u
010 $a 68031725 //r85
020 $c$5.00
035 $a(CStRLIN)NJPT08117601X
035 $a(CaOTULAS)108117601
035 $9AAX9032PS
035 $a(OCoLC)ocm00256776
035 $a206191
040 $aPTS$beng$erda$cPTS
050 00 $aB3279.J34$bL6
082 $a193
100 1 $aLong, Eugene Thomas.
245 10 $aJaspers and Bultmann;$ba dialogue between philosophy and theology in the existentialist tradition.
264 1 $aDurham, N.C. :$bDuke University Press,$c1968.
300 $avi, 153 pages ;$c23 cm.
336 $atext$btxt$2rdacontent.
337 $aunmediated$bn$2rdamedia.
338 $avolume$bnc$2rdacarrier.
504 $aBibliographical footnotes.
600 10 $aJaspers, Karl,$d1883-1969.
600 10 $aBultmann, Rudolf,$d1884-1976.
650 0 $aPhilosophy and religion.
995 $a206191